000 00211 a2200097 4500
001 58032
100 _a
245 _aPhysics for the inquiring mind
260 _aNew Jersey
_b
_c
090 _c35543
_d35543
942 _aNUST-CAE
_cMONOGRAPH
_c28384
999 _c293105
_d293105